[Event "IND-chB 51st"]
[Site "Bhopal"]
[Date "2013.10.12"]
[Round "1"]
[White "Das, Arghyadip"]
[Black "Melesayi, Dawhuo"]
[Result "1-0"]
[WhiteElo "2471"]
[BlackElo "1949"]
[PlyCount "53"]
[EventDate "2013.10.12"]
[EventType "swiss"]
[EventRounds "13"]
[EventCountry "IND"]
[SourceTitle "EXT 2014"]
[Source "ChessBase"]
[SourceDate "2013.11.20"]
[SourceVersion "1"]
[SourceVersionDate "2013.11.20"]
[SourceQuality "1"]

1. e4 c5 2. Nc3 Nc6 3. Nge2 g6 4. d4 cxd4 5. Nxd4 Bg7 6. Be3 d6 7. Qd2 Nf6 8. f3 Bd7 9. 0-0-0 a6 10. g4 h6 11. h4 b5 12. Be2 Rc8 13. g5 hxg5 14. hxg5 Nh5 15. f4 Qa5 16. Kb1 Rg8 17. Bf3 Nxd4 18. Bxd4 Be6 19. Bxh5 Bxd4 20. Qxd4 Rc4 21. Qd3 b4 22. Nd5 Bxd5 23. exd5 Rc3 24. bxc3 bxc3 25. Ka1 gxh5 26. Rb1 Kd7 27. Rb7+ 1-0